000 00319nam a2200109Ia 4500
008 200302s9999 xx 000 0 und d
100 _aStephen R. J. Sheppard
245 _aVisul Simulation A User's Guide for Architects, Engineers, and Planners
260 _bVan Nostrand Renhold Company
260 _c1989
300 _a215
999 _c3736
_d3736